| 000 | 00560cam a2200193 a 4500 | ||
|---|---|---|---|
| 020 | _a0891181067 | ||
| 040 | _cDLC | ||
| 082 | 0 | 0 | _a631 AME 1991 |
| 245 | 0 | 0 | _aModeling plant and soil systems / |
| 260 |
_aMadison, Wis., USA : _bAmerican Society of Agronomy : _bCrop Science Society of America : _bSoil Science Society of America, _c1991. |
||
| 300 |
_axix, 545 p. : _bill. ; _c24 cm. |
||
| 650 | 0 | _aCrops and soils | |
| 650 | 0 | _aCrops | |
| 650 | 0 | _aSoils | |
| 650 | 0 | _aCropping systems | |
| 700 | 1 | _aHanks, R. J. | |
| 700 | 1 | _aRitchie, J. T. | |
| 942 | _cEK | ||
| 999 |
_c11316 _d11316 |
||